000 01851nam a22002297a 4500
003 BJBSDDR
005 20260330171920.0
006 a|||||r|||| 00| 0
007 ta
008 260330s2008 bl |||||r|||| 00| 0 spa d
020 _a9788560438419
040 _bspa
_cBJBSDDR
041 _aspa
050 _bD278 o 2008
100 1 _ade Souza Minayo, Miryam,
_d1982-
_947781
245 1 0 _aObligación internacional de proteger o caballo de troya? :
_bintervenciones armadas por razones humanitarias /
_cMiryam de Souza Minayo.
260 _aSão Paulo :
_bAderaldo & Rothschild,
_c2008.
300 _a214 páginas ;
_c 21 cm
520 _aObligación internacional de proteger o caballo de Troya? examina críticamente la doctrina de la intervención humanitaria y su evolución hacia la idea de la “obligación internacional de proteger” a poblaciones en casos de graves violaciones de derechos humanos. La autora sostiene que: La intervención armada por razones humanitarias debe entenderse dentro de un marco amplio que incluya factores de política internacional, derecho internacional y relaciones de poder en la comunidad internacional. Esta obligación no es simplemente una acción altruista, sino que está influida por intereses políticos y estratégicos de los Estados y organizaciones internacionales. Minayo destaca particularmente la dimensión humana, recordando que detrás de las estadísticas y discursos estratégicos están personas que sufren violaciones masivas de derechos humanos, no meros números lejanos. El título hace una analogía con el “Caballo de Troya” para cuestionar si la noción de proteger puede convertirse en un pretexto para intervenciones con motivaciones distintas, como intereses geopolíticos o económicos, más que verdaderamente humanitarios.
942 _2lcc
_n0
_cBK
946 _illh
999 _c126728
_d126728